[Event "Biel op-B 56th"]
[Site "Biel"]
[Date "2023.07.26"]
[Round "9"]
[White "Vihan, Shourya"]
[Black "Oestmann, Lukas"]
[Result "0-1"]
[WhiteElo "1952"]
[BlackElo "1760"]
[PlyCount "124"]
[EventDate "2023.07.17"]
[EventType "swiss"]
[EventRounds "9"]
[EventCountry "SUI"]
[SourceTitle "EXT 2024"]
[Source "ChessBase"]
[SourceDate "2023.10.10"]
[SourceVersion "1"]
[SourceVersionDate "2023.10.10"]
[SourceQuality "1"]

1. d4 Nf6 2. c4 c5 3. d5 e6 4. Nc3 exd5 5. cxd5 d6 6. e4 g6 7. f4 Bg7 8. Bb5+ Nfd7 9. a4 Qh4+ 10. g3 Qd8 11. Nf3 0-0 12. 0-0 Na6 13. Re1 Nc7 14. e5 Nxb5 15. Nxb5 dxe5 16. fxe5 Nb6 17. Bg5 Qxd5 18. Be7 Re8 19. Nc7 Qxd1 20. Raxd1 Bg4 21. Kf2 Nxa4 22. Nxe8 Rxe8 23. b3 Nb2 24. Rd2 Rxe7 25. Rxb2 Bxf3 26. Kxf3 Bxe5 27. Rd2 f6 28. Rd8+ Kf7 29. Re4 Rc7 30. Ra4 a6 31. Ke4 Ke6 32. Re8+ Kd7 33. Rh8 Ke6 34. Re8+ Kd7 35. Rh8 Kc6 36. Rd8 Re7 37. Kf3 Kb5 38. Rc4 b6 39. h4 a5 40. g4 Bd4 41. Rd5 Ka6 42. h5 Re3+ 43. Kg2 Rxb3 44. Rd7 gxh5 45. gxh5 h6 46. Rd6 Rb4 47. Rc2 a4 48. Rd8 Rb2 49. Rxb2 Bxb2 50. Kf3 Bc1 51. Ke4 Kb5 52. Kd3 Bg5 53. Rd5 Kb4 54. Kc2 a3 55. Rf5 b5 56. Kb1 c4 57. Ka2 Ka4 58. Rd5 b4 59. Rd4 b3+ 60. Kb1 Kb4 61. Rd8 Bf4 62. Rd4 a2+ 0-1

[Event "Biel op-B 56th"]
[Site "Biel"]
[Date "2023.07.17"]
[Round "1"]
[White "Jud, Marc"]
[Black "Oestmann, Lukas"]
[Result "1-0"]
[WhiteElo "1906"]
[BlackElo "1760"]
[PlyCount "69"]
[EventDate "2023.07.17"]
[EventType "swiss"]
[EventRounds "9"]
[EventCountry "SUI"]
[SourceTitle "EXT 2024"]
[Source "ChessBase"]
[SourceDate "2023.10.10"]
[SourceVersion "1"]
[SourceVersionDate "2023.10.10"]
[SourceQuality "1"]

1. e4 c5 2. Nf3 e6 3. c4 Nc6 4. d4 cxd4 5. Nxd4 Nf6 6. Nxc6 bxc6 7. Bd3 e5 8. 0-0 Bc5 9. Nc3 0-0 10. Qe2 d6 11. Be3 Bg4 12. f3 Bxe3+ 13. Qxe3 Be6 14. Rfd1 Qe7 15. Rd2 Rfd8 16. Rad1 Ne8 17. b3 f6 18. Be2 Bf7 19. f4 exf4 20. Qxf4 Rdc8 21. Bf3 Rab8 22. h3 a5 23. Be2 Rb4 24. Qf5 Ra8 25. Qf4 d5 26. exd5 cxd5 27. Bf3 dxc4 28. Nd5 Qa7+ 29. Kh1 c3 30. Nxb4 axb4 31. Rd7 Qb8 32. Qe4 Rxa2 33. Qe7 Bg6 34. Bd5+ Kh8 35. Qf8# 1-0

[Event "Nova Gorica op-A 26th"]
[Site "Nova Gorica"]
[Date "2022.09.21"]
[Round "8"]
[White "Oestmann, Lukas"]
[Black "Budai, Federico"]
[Result "1/2-1/2"]
[WhiteElo "1620"]
[BlackElo "1712"]
[PlyCount "67"]
[EventDate "2022.09.16"]
[EventType "swiss"]
[EventRounds "9"]
[EventCountry "SLO"]
[SourceTitle "CBM 210 Extra"]
[Source "ChessBase"]
[SourceDate "2022.11.30"]
[SourceVersion "1"]
[SourceVersionDate "2022.11.30"]
[SourceQuality "1"]

1. e4 e5 2. Nf3 Nc6 3. Bb5 a6 4. Ba4 Nf6 5. 0-0 b5 6. Bb3 Be7 7. Re1 d6 8. c3 Bg4 9. h3 Bh5 10. d3 0-0 11. Nbd2 Na5 12. Bc2 c5 13. Nf1 Nc6 14. Ng3 Bg6 15. Nh4 Re8 16. f4 exf4 17. Bxf4 Nd7 18. Nxg6 hxg6 19. Rf1 Nb6 20. d4 cxd4 21. cxd4 Bf6 22. Ne2 Nc4 23. b3 Na3 24. Bd3 Nxd4 25. Rc1 Nxe2+ 26. Qxe2 Qb6+ 27. Be3 Bd4 28. Bxd4 Qxd4+ 29. Kh1 b4 30. Qf3 Re7 31. e5 Rae8 32. exd6 Qxd6 33. Rcd1 Qe6 34. Qf4 1/2-1/2

[Event "Nova Gorica op-A 26th"]
[Site "Nova Gorica"]
[Date "2022.09.18"]
[Round "5"]
[White "Krivenko, Dion"]
[Black "Oestmann, Lukas"]
[Result "1-0"]
[WhiteElo "2113"]
[BlackElo "1620"]
[PlyCount "119"]
[EventDate "2022.09.16"]
[EventType "swiss"]
[EventRounds "9"]
[EventCountry "SLO"]
[SourceTitle "CBM 210 Extra"]
[Source "ChessBase"]
[SourceDate "2022.11.30"]
[SourceVersion "1"]
[SourceVersionDate "2022.11.30"]
[SourceQuality "1"]

1. e4 c5 2. Nf3 e6 3. Qe2 Nc6 4. g3 e5 5. c3 d6 6. Na3 Nf6 7. Bg2 Be7 8. 0-0 0-0 9. Nc2 Bg4 10. h3 Bd7 11. b4 cxb4 12. cxb4 Qc7 13. Bb2 Rac8 14. Rfc1 Qb6 15. Bc3 Rfe8 16. a4 a6 17. Rab1 d5 18. b5 Nb8 19. Nxe5 Nxe4 20. Bxe4 dxe4 21. bxa6 Qxa6 22. Qxa6 bxa6 23. Rxb8 Rxb8 24. Nxd7 Rb7 25. Ne5 Bf6 26. Ne3 h5 27. Nc6 Bxc3 28. dxc3 Rc8 29. Nd4 Rd7 30. Rc2 g6 31. g4 hxg4 32. hxg4 Kg7 33. Ne2 Rd3 34. Rb2 Rc5 35. Rb4 f5 36. gxf5 gxf5 37. Nd4 Rcxc3 38. Ndxf5+ Kf8 39. Ng3 Rc1+ 40. Kg2 a5 41. Rb5 Ra1 42. Rxa5 Ra2 43. Ra8+ Kf7 44. Ngf5 Rda3 45. Nd6+ Ke6 46. Ndc4 Rxa4 47. Re8+ Kf7 48. Rxe4 Ra7 49. Kg3 Kg8 50. Re8+ Kh7 51. f4 Rg7+ 52. Kf3 Ra1 53. f5 Rf7 54. Ne5 Rf6 55. Re7+ Kg8 56. Kf4 Kf8 57. Rc7 Rg1 58. Nd7+ Kf7 59. Nxf6+ Kxf6 60. Nd5# 1-0

[Event "Nova Gorica op-A 26th"]
[Site "Nova Gorica"]
[Date "2022.09.17"]
[Round "3"]
[White "Zlatanovic, Srdjan"]
[Black "Oestmann, Lukas"]
[Result "0-1"]
[WhiteElo "1740"]
[BlackElo "1620"]
[PlyCount "138"]
[EventDate "2022.09.16"]
[EventType "swiss"]
[EventRounds "9"]
[EventCountry "SLO"]
[SourceTitle "CBM 210 Extra"]
[Source "ChessBase"]
[SourceDate "2022.11.30"]
[SourceVersion "1"]
[SourceVersionDate "2022.11.30"]
[SourceQuality "1"]

1. d4 Nf6 2. Nf3 c5 3. e3 e6 4. c3 Nc6 5. Bd3 d5 6. Qc2 Be7 7. Nbd2 a6 8. 0-0 c4 9. Be2 b5 10. e4 dxe4 11. Nxe4 Bb7 12. Re1 Qd5 13. Nxf6+ Bxf6 14. Bf1 0-0 15. Bf4 Qh5 16. Ne5 Bxe5 17. Bxe5 Rfd8 18. Bg3 Ne7 19. h3 Nf5 20. Bh2 Nh4 21. Qe2 Qd5 22. Qg4 Ng6 23. Re3 f5 24. Qe2 f4 25. Rxe6 Bc6 26. Rxg6 hxg6 27. Bxf4 Rf8 28. Be5 Rf5 29. Qg4 Qf7 30. f3 Re8 31. f4 g5 32. fxg5 Rf8 33. Bf6 Qg6 34. Qe2 Re8 35. Be5 Rxg5 36. g4 Qe6 37. Re1 Rg6 38. Bg2 Bxg2 39. Qxg2 Qc6 40. Rf1 Qxg2+ 41. Kxg2 Rf8 42. Rxf8+ Kxf8 43. Kf3 Rh6 44. Kg3 g5 45. a3 Kf7 46. Bc7 Re6 47. Be5 Rh6 48. Bc7 Rh7 49. d5 Ke7 50. Be5 a5 51. Bc7 a4 52. Be5 Rh6 53. Kg2 Rh7 54. Bg3 Kf6 55. Bb8 Rd7 56. d6 Ke6 57. Kf3 Rf7+ 58. Kg2 Rf8 59. Bc7 Kd7 60. Ba5 Re8 61. Bb4 Re2+ 62. Kg3 Rxb2 63. Kf3 Rb1 64. Kf2 Rxb4 65. cxb4 Kxd6 66. Ke3 Ke5 67. Kd2 Kf4 68. Kc3 Kg3 69. h4 Kxh4 0-1

[Event "Schaffhausen op"]
[Site "Schaffhausen"]
[Date "2022.03.20"]
[Round "5"]
[White "Oestmann, Lukas"]
[Black "Ragios, Konstantinos"]
[Result "0-1"]
[WhiteElo "1605"]
[BlackElo "1968"]
[PlyCount "102"]
[EventDate "2022.03.18"]
[EventType "swiss"]
[EventRounds "5"]
[EventCountry "SUI"]
[SourceTitle "CBM 207 Extra"]
[Source "ChessBase"]
[SourceDate "2022.05.31"]
[SourceVersion "1"]
[SourceVersionDate "2022.05.31"]
[SourceQuality "1"]

1. e4 e5 2. Nf3 Nc6 3. Bb5 a6 4. Ba4 Nf6 5. 0-0 b5 6. Bb3 Be7 7. Re1 d6 8. c3 0-0 9. h3 Nb8 10. d4 Nbd7 11. Nbd2 Bb7 12. Bc2 Re8 13. Nf1 Bf8 14. Ng3 g6 15. a4 Bg7 16. b3 Nb6 17. a5 Nbd7 18. d5 Rc8 19. c4 bxc4 20. bxc4 c6 21. Be3 cxd5 22. cxd5 Nc5 23. Rb1 Qxa5 24. Bxc5 Qxc5 25. Rxb7 Qxc2 26. Qxc2 Rxc2 27. Ng5 Ra8 28. Nxf7 Bf8 29. Ng5 a5 30. Ra1 a4 31. Ne6 a3 32. Nxf8 Kxf8 33. Rbb1 Ra4 34. f3 Nd7 35. Nf1 Nc5 36. Ne3 Rb2 37. Re1 Nb3 38. Rxa3 Rxa3 39. Nc4 Raa2 40. Nxb2 Rxb2 41. Re3 Nd4 42. Kf1 Nb5 43. h4 Kg7 44. g3 Kf6 45. Re1 Nd4 46. Re3 Rb3 47. Rxb3 Nxb3 48. Kf2 g5 49. hxg5+ Kxg5 50. Ke3 Nc5 51. f4+ Kg4 0-1

[Event "SUI-ch U16"]
[Site "Belp"]
[Date "2014.06.07"]
[Round "4"]
[White "Hubacher, Fabian"]
[Black "Oestmann, Lukas"]
[Result "1-0"]
[WhiteElo "1803"]
[BlackElo "1615"]
[PlyCount "95"]
[EventDate "2014.06.06"]
[EventType "swiss"]
[EventRounds "7"]
[EventCountry "SUI"]
[SourceTitle "EXT 2015"]
[Source "ChessBase"]
[SourceDate "2014.11.20"]
[SourceVersion "1"]
[SourceVersionDate "2014.11.20"]
[SourceQuality "1"]

1. d4 d5 2. Bf4 Bf5 3. Nf3 e6 4. e3 a6 5. c3 c5 6. Bd3 Bxd3 7. Qxd3 Qb6 8. Qc2 Nc6 9. Nbd2 Nf6 10. h3 Be7 11. 0-0 h6 12. Rab1 0-0 13. Rfe1 Qa5 14. a3 c4 15. e4 dxe4 16. Nxe4 Qf5 17. Nxf6+ Qxf6 18. Be5 Nxe5 19. Nxe5 Rfd8 20. Nxc4 Rac8 21. Qe2 b5 22. Ne5 Bd6 23. Qe3 Qf5 24. Qf3 Qxf3 25. Nxf3 Rb8 26. Ne5 Bxe5 27. Rxe5 Rd5 28. Rbe1 Rbd8 29. Rxd5 Rxd5 30. Re5 Kf8 31. f4 Ke7 32. Rxd5 exd5 33. Kf2 a5 34. b3 b4 35. cxb4 axb4 36. a4 g6 37. Kg3 f6 38. Kh4 Ke6 39. g4 h5 40. gxh5 gxh5 41. Kxh5 Kf5 42. a5 Ke4 43. a6 Kxd4 44. a7 Kc3 45. a8Q d4 46. Qa1+ Kd3 47. Qd1+ Kc3 48. Kg4 1-0